Catalog

Record Details

Catalog Search



Available copies

  • 1 of 1 copy available at LARL/NWRL Consortium.

Current holds

0 current holds with 1 total copy.

Show All Copies
Location Call Number / Copy Notes Barcode Shelving Location Status Due Date
Moorhead Public Library SF BIS (Text) 33500009705492 Main Available -

Record details

  • ISBN: 9780451461605
  • ISBN: 0451461606
  • Physical Description: 368 p. ; 24 cm.
  • Publisher: New York : Roc, c2008.

Content descriptions

Summary, etc.:
Responding to an invitation sent by "Jaenelle ... Read More
Subject: Adult Science Fiction
Witches > Fiction.
Genre: Fantasy fiction.
LDR 01589cam a2200313 a 4500
00192535
003LARL_NWRL_CONSORTIUM
00520080602150910.0
008070816s2008 nyu 000 1 eng
020 . ‡a9780451461605
020 . ‡a0451461606
035 . ‡a(OCoLC)165479113
08200. ‡a813/.54 ‡222
1001 . ‡aBishop, Anne. ‡0(LARL_NWRL_CONSORTIUM)74458
24510. ‡aTangled webs ‡n#6 / ‡cAnne Bishop.
260 . ‡aNew York : ‡bRoc, ‡cc2008.
300 . ‡a368 p. ; ‡c24 cm.
4900 . ‡aBlack jewels ; ‡v6
520 . ‡aResponding to an invitation sent by "Jaenelle Angelline," Surreal SaDiablo, former courtesan and assassin, arrives at the party and finds herself trapped in a living nightmare created by the tangled webs of Black Widow witches...and if she uses Craft to defend herself, she risks being sealed in the house forever. But Jaenelle did not send the invitation. And now Jaenelle and her family must rescue Surreal and the others inside without becoming trapped themselves-and then discover who has created such a place, and why.--From publisher description.
650 . ‡aAdult Science Fiction
650 0. ‡aWitches ‡vFiction. ‡0(LARL_NWRL_CONSORTIUM)168002
655 7. ‡aFantasy fiction. ‡2gsafd
901 . ‡a92535 ‡bOCLC ‡c92535 ‡tbiblio

Additional Resources